| 000 | 00993cam a2200301 4500 | ||
|---|---|---|---|
| 001 | 589609 | ||
| 003 | ARRUPE | ||
| 005 | 20131107121937.0 | ||
| 008 | 870820m19721981nyua b 001 0 eng | ||
| 010 | _a 79185251 | ||
| 035 | _a(OCoLC)2780669 | ||
| 035 | _a(OCoLC)ocm02780669 | ||
| 035 | _a(CStRLIN)NYCG87-B69263 | ||
| 035 | _a(NNC)589609 | ||
| 040 |
_dNNC _cfdd |
||
| 050 | 0 |
_aLA11 _b.B622 |
|
| 082 | _a370/.9 | ||
| 090 |
_aLA11 _b.B622 |
||
| 100 | 1 |
_aBowen, James, _d1928- _93435 |
|
| 245 | 1 | 2 | _aA history of Western education. |
| 260 |
_aNew York, _bSt. Martin's Press _c[1972-1981] |
||
| 300 |
_a3 v. _billus. _c25 cm. |
||
| 504 | _aBibliography: v. 1, p. [376]-386; v. 2, p. [483]-496. | ||
| 505 | 1 | _av. 1. The ancient world: Orient and Mediterranean, 2000 B. C.-A. D. 1054.--v. 2. Civilization of Europe, sixth to sixteenth century.--v. 3. The Modern West, Europe and the New World. | |
| 650 | 0 |
_aEducation _xHistory. _93436 |
|
| 942 |
_2lcc _cMONOGRAPH |
||
| 999 |
_c118563 _d118563 |
||